|
|
|
|
| LEADER |
00931nab a2200253 i 4500 |
| 001 |
publ17088 |
| 005 |
20200625060011.0 |
| 008 |
191014s2019 hu o 0|| zxx d |
| 022 |
|
|
|a 0947-7047
|
| 024 |
7 |
|
|a 10.1007/s11581-019-03129-8
|2 doi
|
| 024 |
7 |
|
|a 30735139
|2 mtmt
|
| 040 |
|
|
|a SZTE Publicatio Repozitórium
|b hun
|
| 041 |
|
|
|a zxx
|
| 100 |
1 |
|
|a Vraneš Milan
|
| 245 |
1 |
0 |
|a Electrochemical study of anatase TiO2 nanotube array electrode in electrolyte based on 1,3-diethylimidazolium bis(trifluoromethylsulfonyl)imide ionic liquid
|h [elektronikus dokumentum] /
|c Vraneš Milan
|
| 260 |
|
|
|c 2019
|
| 300 |
|
|
|a 5501-5513
|
| 490 |
0 |
|
|a IONICS
|v 25 No. 11
|
| 700 |
0 |
1 |
|a Cvjetićanin Nikola
|e aut
|
| 700 |
0 |
1 |
|a Papović Snežana
|e aut
|
| 700 |
0 |
1 |
|a Pavlovic Marko
|e aut
|
| 700 |
0 |
1 |
|a Szilágyi István
|e aut
|
| 700 |
0 |
1 |
|a Gadžurić Slobodan
|e aut
|
| 856 |
4 |
0 |
|u http://publicatio.bibl.u-szeged.hu/17088/1/Ionics_inpress.pdf
|z Dokumentum-elérés
|